| 000 | 00507nam a2200205Ia 4500 | ||
|---|---|---|---|
| 003 | OSt | ||
| 005 | 20220607150031.0 | ||
| 008 | 210210b2012 xxu||||| |||| 00| 0 eng d | ||
| 040 | _cAL | ||
| 041 | _aeng | ||
| 082 | _a657.42 RAMC | ||
| 100 |
_aRAMAN (B S) _940934 |
||
| 245 | _aCost and management accounting IV | ||
| 260 |
_aMangalore _bUnited Publishers _c2012 |
||
| 300 | _aIV,348 | ||
| 650 |
_aBCom VI Semester _940935 |
||
| 690 |
_aCost Accounting _940936 |
||
| 906 | _a067457 | ||
| 942 |
_2ddc _cBK |
||
| 999 |
_c150228 _d150228 |
||